Donkey Kong Bananza - Toutes les strates (mondes) - Statistiques

Statistiques générales
  • Ce quiz a été pris 18 fois
  • Le résultat moyen est 11 sur 17
Statistiques - réponses
Ordre de visite Réponse % Correct
7 Strate de la Forêt
94%
2 Strate du Lagon
94%
10 Strate de la Tempête
82%
13 Strate du Désert
82%
14 Strate du Son
76%
17 Coeur de la Planète
71%
15 Strate du Festin
71%
6 Strate du Glacier
71%
3 Strate des Collines
65%
11 Strate de la Décharge
59%
5 Strate de la Fourche
59%
8 Strate de la Jonction
59%
4 Strate du Canyon
59%
16 Strate Interdite
59%
9 Strate de l'Archipel
47%
1 Ile Lingot Effondrée
35%
12 Strate du Rhinodrome
29%
Aucun quiz correspondant
Distribution des résultats
% des personnes avec chaque résultat
Percentile par nombre de réponses
Votre historique - résultats
Vous n’avez pas pris ce quiz